Oto Šrámek, ktorý herecky debutuje vo filme Jak chutná smrt, nepočúva Tichú dohodu a hovorí, že Mňačko nie je jeho žáner

Bibliographic Details
Main Authors: Hladík, Dalibor, 1970-2008 (Author), Cieslar, Milan, 1960- (Author)
Format: Article
Language:Slovak
PhysicalDescription:Fotogr. 2
Subjects:

MARC

LEADER 00000nab a2200000 a 4500
001 vtls000567914
003 SK-MaSNL
005 20260303223336.0
008 160201c1995 xo 0 slo
015 |a SNBRB19rr/mm-uuuuu 
035 |a CL0568052 
040 |a SNKBUCL  |b slo  |c SNKBUCL  |e AACR2 
041 0 |a slo 
044 |a xo  |c SK 
080 |a 791.43(437.1/.2)  |2 1981 
100 1 |a Hladík, Dalibor,  |d 1970-2008  |4 aut  |9 9614 
245 1 0 |a Oto Šrámek, ktorý herecky debutuje vo filme Jak chutná smrt, nepočúva Tichú dohodu a hovorí, že Mňačko nie je jeho žáner  |c Dalibor Hladík 
300 |b Fotogr. 2 
500 |a Réžia Milan Cieslar 
650 0 7 |a Jak chutná smrt (film český)  |2 snkbucl  |9 1257771 
655 7 |a články z novín a časopisov  |2 snkbucl  |9 267496 
700 1 |a Cieslar, Milan,  |d 1960-  |4 aut  |9 12354 
773 0 |t Sme  |g Roč. 3 a 48, č. 256 (6. 11. 1995), s. 8 
850 |a Slovenská národná knižnica v Martine  |a MTA001 
852 |a SNK  |b KIS3GCP 
958 |a RK 
958 |a CZ 
992 |a RBX 
999 |c 2247313  |d 2249243